[Event "Chelyabinsk variation - 2"]
[Site "Lvov UKR"]
[Date "1984.??.??"]
[Round "2"]
[White "Short, Nigel D"]
[Black "Horvath, Tamas"]
[Result "1-0"]
[WhiteElo "2500"]
[BlackElo "2440"]
[EventDate "1984.02.??"]

1. e4 c5 2. Nf3 e6 3. d4 cxd4 4. Nxd4 Nf6 5. Nc3 Nc6 6. Ndb5 d6 7. Bf4 e5 
8. Bg5 a6 9. Na3 b5 10. Nd5 Be7 11. Bxf6 Bxf6 12. c3 O-O 13. Nc2 Rb8 14. 
Be2 Bg5 15. O-O Ne7 {In this particular game Black attacks the d5-pawn 
without a preliminary move a6-a5, and this allows White to involve his 
"standby" c2-knight in a struggle for d5-square } 16. Ncb4 Bb7 17. Qd3 a5 
18. Nxe7+ Bxe7 19. Nd5 Bxd5 20. Qxd5 += {Black also exchanges the second 
opponent knight that has penetrated to d5, but in the middle game with 
bishops of opposite color he has not reached the equality yet. White 
bishop may well turn out more promicing than his black counterpart, 
especially if it manages to get to the a2-g8 diagonal } 20. ... b4 ( {
Worth attention is} 20. ... Qb6!? { hampering white bishop's access to c4 
and b5-squares)} ) 21. Bb5! Qb6 22. c4 { In this particular case white 
bishop is actively situated on b5 as well; in prospect it has an 
opportunity to move over to d5 via c6 } 22. ... Bd8 {Black bishop also 
stives to improve its position, moving over to the a7-g1 diagonal } ( {
white also maintains a small advantage after } 22. ... Qd4 23. Qxd4 exd4 
24. Rad1 Bf6 25. f4 += ) ( 22. ... Qc5 23. Qd3 += ) 23. Rad1 Bc7 24. g3! {
Groping for a plan with f2-f4 advance White manages to stress the more 
aggressive positioning of his pieces that is of a particular importance in
positions with bishops of opposite color} 24. ... Rbd8 25. Kg2 Qb8 26. f4 
Bb6 27. f5 Bd4 28. Rxd4! { A typical sacrifice of an exchange. In the 
ensuing position an extra exchange is of no importance at all as the rooks
have no open files ar their disposal } 28. ... exd4 29. f6 gxf6 ( 29. ... 
g6 30. Qg5 Kh8 31. Rf4 Rg8 32. Rh4 +- ) 30. Rxf6 Qc7 31. Bc6 d3 32. Rf5 d2
33. Qxd2 f6 ( 33. ... Qxc6 34. Qg5+ Kh8 35. Qf6+ Kg8 36. Rg5# ) 34. Ba4!? 
Kh8 35. Qd4 Qe7 36. Bc6 Rc8 37. Bd5 {From d5 white bishop will support his
army's attack in a decisive way } 37. ... Rc7 38. Kf3 Qd8 39. g4 Re7 40. 
Rxf6 Re5 41. Rf5 Rxf5+ 42. gxf5 Qh4 43. Qg1 Re8 44. Qg3 Qxg3+ ( {More 
chances for resistance are left after} 44. ... Qf6 ) 45. hxg3 Kg7 46. Kf4 
Kf6 47. g4 h6 48. Be6! { It is impossible to prevent the decisive 
breakthrough of white pawns in the center } 48. ... Re7 49. c5 Rxe6 ( 
49. ... dxc5 50. e5+ Kg7 51. f6+ ) 50. fxe6 dxc5 51. e7 Kxe7 52. Ke5 1-0

[Event "Chelyabinsk variation - 2"]
[Site "Tashkent UZB"]
[Date "1980.??.??"]
[Round "2"]
[White "Beliavsky, Alexander G"]
[Black "Sveshnikov, Evgeny"]
[Result "1/2-1/2"]
[WhiteElo "2590"]
[BlackElo "2570"]
[EventDate "1980.09.??"]

1. e4 c5 2. Nf3 e6 3. d4 cxd4 4. Nxd4 Nc6 5. Nc3 Nf6 6. Ndb5 d6 7. Bf4 e5 
8. Bg5 a6 9. Na3 b5 10. Nd5 Be7 11. Bxf6 Bxf6 12. c3 O-O 13. Nc2 Rb8 14. 
Be2 Bg5 15. O-O a5 { A typical tactical method. Having deprived the white 
"standby" c2-knight of the b4 and e3-squares (on the latter one it will be
exchanged on the g5-bishop immediately), Black intends to start driving 
white knight away from d5 by means of Â¤c6-e7 } 16. Qd3 Ne7 17. Nce3 ( {
(Black also has no particular problems in case of } 17. Nxe7+ Qxe7 18. 
Rfd1 Rb6 19. Ne3 Bxe3 20. Qxe3 Qc7 21. Rd5 Qb8 22. a3 {1/2-1/2, De Firmian
Nick E 2595 - Benjamin Joel 2530 , Long Beach 1989 Ch USA} ) 17. ... Bxe3 
18. Nxe3 Qb6 19. b4 { Fixing the black pawn on b5, White expects either to
pressurize it or to create a passed pawn on the Q-side by way of a2-a4 } 
19. ... axb4 20. cxb4 Be6 ( 20. ... Nc6 21. Nc2! {a2-a4} ( 21. Qxd6?? Nd4 
-+ ) ) 21. Rfb1 Rfc8 22. a4 bxa4 23. Rxa4 Qd4! {Well-timed counterplay in 
the center allows Black to subsequently implement the conceptual advance 
d6-d5 and to equalize the game completely } 24. Qxd4 exd4 25. Nf1 d5 26. 
b5 dxe4 27. Rxd4 Nd5 28. Ng3! ( 28. Bc4 Nc3 29. Bxe6 fxe6 30. Rb2 Rxb5 31.
 Rxb5 Ne2+ 32. Kh1 Nxd4 =+ ) 28. ... Nc3 29. Rb2 Nxe2+ 30. Nxe2 Bc4 31. 
Rxe4 f5 32. Re5 Bxe2 33. Rbxe2 Rc1+ 34. Re1 Rxe1+ 35. Rxe1 Rxb5 1/2-1/2

[Event "Chelyabinsk variation - 3"]
[Site "Moscow RUS"]
[Date "1994.??.??"]
[Round "3"]
[White "Kasparov, Garry"]
[Black "Lautier, Joel"]
[Result "1-0"]
[WhiteElo "2800"]
[BlackElo "2645"]
[EventDate "1994.11.01"]
[Annotator "Moiseev"]

1. e4 {Horvath,T Ftacnik} 1. ... c5 2. Nf3 e6 3. d4 cxd4 4. Nxd4 Nf6 5. 
Nc3 Nc6 6. Ndb5 d6 7. Bf4 e5 8. Bg5 a6 9. Na3 b5 10. Nd5 Be7 11. Bxf6 Bxf6
12. c3 O-O 13. Nc2 Rb8 14. h4!? { For the time being this continuation is 
considered to be the most unpleasant objection to Black's 13th move. White
plays for restricting the mobility of the f6-bishop without inclusion of 
the moves a2-a3 and a6-a5 and also deprives Black of an extra opportunity 
to play 14.a3 Bg5!? } ( 14. a3 a5 ( 14. ... Ne7 15. Ncb4 Bb7 {
Karpov,An-Lautier,J (06)/ Ubeda m/1994/1/2-1/2/ ;CBM 45} ) 15. h4 Ne7 16. 
Nce3 Nxd5 17. Nxd5 Be6 18. g3 Qd7 19. Bg2 Bd8 ~ {
Kasparov,G-Kramnik,V/Moscow PCA/1994/1/2-1/2/30/} ) 14. ... Ne7 { As we 
have already seen, in such positions this is the most energetic answer to 
the white plan } ( 14. ... g6 {Ftacnik} 15. g3 Bg7 16. h5 += ) ( 14. ... 
Be6 {Horvath,T} 15. Nxf6+ gxf6 ( 15. ... Qxf6? 16. Qxd6 Rbc8 17. Qd2 Rfd8 
18. Qg5 +/- ) 16. Ne3 b4!? ~ ( 16. ... Ne7 17. Bd3 +/- d5? 18. exd5 Bxd5 
19. Qh5 +/- ) ) 15. Nxf6+! ( 15. Nce3 Nxd5 16. Nxd5 Bb7 17. g3 b4! 18. c4 
Bxd5 19. Qxd5 Qb6 = {Smagin,S-Gorelov, S/URS/1982/1/2-1/2/37/} ) 15. ... 
gxf6 16. Bd3! ( {To sharp and unclear play leads} 16. Qd2 Bb7 17. Bd3 d5 
18. exd5 Qxd5 19. O-O-O e4 20. Be2 Qxa2 21. Qh6 Qe6 22. Nd4 Qb6 ~ {
Kasparov,G-Kramnik, V/Novgorod/1994/1-0/ CBM 43} 23. Rh3 Kh8 ) 16. ... d5 
( {Another liberating advance leads to White's positional advantage} 
16. ... f5 {Ftacnik} 17. exf5 Bxf5 ( 17. ... Nxf5 18. Qh5 ( 18. Nb4! +/- {
Horvath,T} ) ( 18. Nb4! +/- {Horvath,T} ) 18. ... e4 19. Be2 +/- ) 18. 
Bxf5 Nxf5 19. Qd3 +/- ) 17. exd5 Qxd5 ( 17. ... f5 {Horvath,T} 18. Ne3 e4 
19. Bc2 f4 20. Ng4 f5 21. Ne5 Qd6 22. Qd4 Bb7 23. O-O-O +/- ) 18. Ne3 Qe6 
19. Qh5 { The lag in development of the white queen on the 16th move leads
to the fact that it gets an opportunity to move out to a more aggressive 
position } 19. ... e4?! ( {The best continuation for Black is} 19. ... f5
!? 20. O-O-O ( 20. Nxf5?? Nxf5 21. g4 Qh6 -+ ) ( 20. g4?! Qg6! 21. Nxf5?? 
( 21. Qg5 Qxg5 22. hxg5 e4 23. Bc2 f4 ~ ) 21. ... Bxf5 22. Bxf5 Qxh5 -+ ) 
20. ... Qg6 21. Qe2 â†‘ ( 21. Qg5 {Ftacnik} 21. ... f6 22. Qxg6+ hxg6 23. 
Bc2 += {and White's advantage in the endgame is only minimal)} ) ) 20. Bc2
b4 { If the moves a2-a3 and a6-a5 are included, this advance leads to a 
total opening of the lines on the Q-side 
} ( 20. ... f5 +/- {Ftacnik} ) 21. c4 {Depriving his opponent of real 
counterplay on the Q-side, White is ready to develop his own initiative on
the opposite area of the board} 21. ... Kh8 ( 21. ... f5 {Ftacnik} 22. 
Qg5+ Kh8 23. Qf4 +/- Rb7 24. h5 +/- ) ( 21. ... Rd8!? {Horvath,T} ) 22. 
O-O-O +/- ( 22. Qc5!? +/- {Ftacnik} ) 22. ... f5 23. Qg5! Rb6 ( 23. ... 
Rg8 24. Qf4 Rb6 25. h5 +/- ) ( 23. ... Qe5 {Ftacnik} 24. Ng4 Qe6 25. Nf6 
Ng8 26. Nd5 +- ) ( 23. ... f6 {Horvath,T} 24. Qf4 Qe5 25. Qxe5 fxe5 26. 
Rd6 Bb7 27. Ba4! +/- ) 24. h5 { The h-pawn advance contains both offensive
(subsequent h5-h6) and prophylactic (depriving black pieces of g6-square) 
ideas } 24. ... Rc6?! ( 24. ... Qf6 âŒ“ {Ftacnik} 25. Qf4 Qh6 26. g3 Qxf4 
27. gxf4 +/- ) ( 24. ... f6 {Horvath,T} 25. Qf4 Qe5 26. Qxe5 += ) ( {In 
G.Kasparov's opinion, the lesser of two evils for Black is} 24. ... Rg8 
25. Qf4 Qh6 26. g3! +/- ) 25. Kb1 ( 25. h6?! Rg8 26. Rd8 Qf6 ) 25. ... Rc5
? ( 25. ... h6 âŒ“ 26. Qf4 +/- ) ( 25. ... Qe5 {Ftacnik} 26. Ng4 Qe6 27. 
h6 ) ( 25. ... Qf6 +/- {Horvath,T} ) 26. h6 Qe5 ( 26. ... Rg8 27. Rd8! Ng6
28. Nd5 +- ( 28. Rxg8+ {Horvath,T} 28. ... Kxg8 29. Qd8+ Nf8 30. Nd5 f6 
31. Rh3 Kf7 32. Rg3 +- ) ) ( 26. ... Ng6 {Ftacnik} 27. Rd8 +- Kg8 28. Nd5 
) 27. Rh5! +- { White king rook's joining in decides the outcome of the 
game } 27. ... Rg8 ( 27. ... Ng6 28. Rd8! +- {/\ 29 Ng4, 29 Rf8 Nf8 30 Qd8
} 28. ... Kg8 29. Ng4 fxg4 30. Rxf8+ Kxf8 31. Qd8+ Qe8 32. Qxe8+ Kxe8 33. 
Rxc5 +- ) ( 27. ... Nc6 28. Rd5 ( 28. Ng4! {Ftacnik} 28. ... fxg4 29. Qg7+
Qxg7 30. hxg7+ Kxg7 31. Rxc5 +- ) 28. ... Rxd5 29. cxd5 +- ) 28. Ng4!! ( 
28. Ng4!! Qe6 ( 28. ... fxg4 29. Qxe5+ Rxe5 30. Rxe5 +- ) ( 28. ... Rxg5 
29. Nxe5 Rxe5 ( 29. ... Rxh5 30. Rd8+ Ng8 31. Nxf7# ) 30. Rxg5 Nc6 31. Ba4
+- ) 29. Rd8! {/\ 30 Qg7} 29. ... Ng6 ( 29. ... Qg6 30. Qxe7 fxg4 31. 
Rxg8+ +- ) 30. Rxg8+ Kxg8 31. Qd8+ Nf8 32. Nf6+ +- ( 32. Rg5+ +- ) ) 1-0

[Event "Chelyabinsk variation - 3"]
[Site "Moscow RUS"]
[Date "1994.??.??"]
[Round "3"]
[White "Kasparov, Garry"]
[Black "Kramnik, Vladimir"]
[Result "1/2-1/2"]
[WhiteElo "2805"]
[BlackElo "2710"]
[EventDate "1994.04.??"]
[Annotator "Horvath,Ta"]

1. e4 c5 2. Nc3 Nc6 3. Nge2 Nf6 4. d4 cxd4 5. Nxd4 e5 6. Ndb5 d6 7. Bg5 a6
8. Na3 b5 9. Nd5 Be7 10. Bxf6 Bxf6 11. c3 O-O 12. Nc2 Rb8 13. a3 a5 ( 
13. ... Ne7!? ) 14. h4 Ne7! { A dynamic continuation. Black solves the 
problem of the Nc6-e7 maneuver in a cardinal way, not being concerned 
about his doubled f-pawns } 15. Nce3 ( 15. Nxf6+ gxf6 { Black, despite his
inferior pawn structure, maintains good enough chances for counterplay due
to possibility of d6-d5,f6-f5 and b5-b4 advances and a certain advantage 
in development)} 16. Ne3 f5 ~ ) 15. ... Nxd5 16. Nxd5 Be6 ( 16. ... Bb7? 
17. Bxb5 ) 17. g3 ( 17. Nxf6+ Qxf6 18. Qxd6 Rfd8 19. Qc5 b4!? 20. Be2 ( 
20. Qxa5? Qf4 -+ ) 20. ... Rdc8 21. Qxa5 bxc3 22. b4 ( 22. bxc3? Rb2 -/+ )
22. ... c2 ( 22. ... Bc4!? ) 23. O-O Qf4 24. Rac1 Qxe4 25. Rfe1 Qxh4 26. 
Qxe5 ~ ) 17. ... Qd7! {Preventing white bishop's moving to h3 and 
preparing the Bf6-d8-b6 maneuver } 18. Bg2 ( {(Once again, there is 
nothing much for White in} 18. Nxf6+ gxf6 19. Bg2 b4! { with counterplay} 
) 18. ... Bd8 19. O-O Bb6 20. Qd2 Rfc8 21. Rfd1 {White's only hope in his 
struggle for an advantage is pressurizing the d6-pawn that, in case of 
Bb6-c5, will be reinforced by b2-b4 advance } 21. ... Bxd5 22. Qxd5 b4! {A
typical counterplay resource} 23. axb4 axb4 24. Qxd6 Qg4! ( 24. ... Qxd6 
25. Rxd6 bxc3 26. bxc3 Rxc3?? 27. Rxb6 ) 25. Qd3 ( 25. Qxe5? bxc3 26. bxc3
Bxf2+! 27. Kxf2 Rb2+ 28. Kg1 Qe2 -+ ) 25. ... bxc3 26. bxc3 g6 {An extra 
white pawn is of no importance, as in the position with bishops of 
opposite color black pieces are active } 27. Rab1 Rd8 28. Qf3 Rxd1+ 29. 
Rxd1 Qxf3 30. Bxf3 Rc8 1/2-1/2

[Event "Chelyabinsk variation - 3"]
[Site "Linares"]
[Date "1994.??.??"]
[Round "3"]
[White "Shirov, Alexei"]
[Black "Illescas Cordoba, Miguel"]
[Result "1-0"]
[WhiteElo "2705"]
[BlackElo "2590"]
[EventDate "1994.02.??"]
[Annotator "Shirov"]

1. e4 {Chekhov Ftacnik Horvath,T} 1. ... c5 2. Nf3 Nc6 3. d4 cxd4 4. Nxd4 
e5 5. Nb5 d6 6. N1c3 a6 7. Na3 b5 8. Nd5 Nf6 9. Bg5 Be7 10. Bxf6 Bxf6 11. 
c3 O-O ( 11. ... Bb7 {Chekhov} 12. Bd3?! N ( 12. Nc2 ) 12. ... Nb8 13. Nc2
Nd7 14. a4 bxa4 15. Rxa4 Bg5 16. O-O O-O 17. Ra2 a5 18. Bc4 Nb6! = {
Beliavsky,A-Shirov,A/ Linares(1)/1994/0,5 (56)/} ) ( 11. ... Rb8 12. Nc2 
Bg5 13. a3 a5 14. Bd3 O-O 15. Qe2 Na7 16. h4 Bh6 17. g4 Bf4 18. Qf3 Nc6 
19. g5 Be6 20. Nxf4 exf4 21. Qxf4 b4 22. axb4 axb4 23. Nd4 Ne5 24. Be2 
bxc3 25. bxc3 Rb2 26. O-O Qc8 27. Qg3 Bc4 28. Bxc4 Qxc4 29. Rfd1 Rfb8 {
1/2-1/2(62) Nisipeanu, Liviu-Dieter (2420) - Rogozenco, Dorian (2440) / 
Ciocaltea Memorial (2), Bucharest ROU 1995} ) 12. Nc2 Rb8 13. a3!? ( 13. 
h4 {Ftacnik} 13. ... g6 ( 13. ... Ne7 14. Nce3 Nxd5 15. Nxd5 Bb7 16. g3 b4
17. c4 Bxd5 18. Qxd5 Qb6 19. Rd1 Bd8 20. Qxd6 b3 21. a3 Qa7 22. Rd5 Be7 
23. Qxe5 Bf6 ~ {Smagin,S-Gorelov,S/URS/ 1982/} ) 14. Qd2 Bg7 15. h5 Be6 
16. Nce3 Ne7 17. g3 Nxd5 18. Nxd5 Rc8 19. Rd1 Rc5 20. Ne3 Rc6 21. b3 Qa8 
22. Bh3 {Shmuter,L-Beshukov,S/Sochi/1993/} ) 13. ... a5 ( 13. ... Ne7!? {
Horvath,T} 14. Nxf6+ gxf6 15. Ne3 f5 ~ ) ( 13. ... Be6 {Chekhov} 14. Ncb4!
Nxb4 15. axb4 +/- ) 14. h4! { Another white aggressive idea that has 
become a standard tactical method. The h2-h4 advance restricts the 
mobility of the opponent's dark-squared bishop } ( {In case of} 14. Bd3 {,
that has been examined in the previous party, the following continuation 
is also worth attention: } 14. ... Bg5!? 15. Qe2 Na7 16. h4 Bh6 17. g4 Bf4
18. Qf3 Nc6 19. g5 Be6 20. Nxf4 exf4 21. Qxf4 b4 22. axb4 axb4 23. Nd4 Ne5
24. Be2 bxc3 25. bxc3 Rb2 26. O-O Qc8 27. Qg3 Bc4 28. Bxc4 Qxc4 {and Black
has compensation for his sacrificed pawn, Nisipeanu Liviu-Dieter 2465 - 
Rogozenko Dorian 2440 , Bucharest 1995 Memorial V.Ciocaltea)} ) 14. ... g6
{Preparing the Bf6-g7 and Nc6-e7 maneuver } ( 14. ... Ne7 15. Nce3 Nxd5 
16. Nxd5 Be6 ( 16. ... Bb7? 17. Bxb5 ) 17. g3 ( 17. Nxf6+ Qxf6 18. Qxd6 
Rfd8 =/& ) 17. ... Qd7 18. Bg2 Bd8 19. O-O Bb6 = {
Kasparov,G-Kramnik,V/Moscow PCA 25'/1994/ (0,5)} ) ( 14. ... Be6 {Chekhov}
15. Nxf6+ Qxf6 16. Qxd6 ) ( 14. ... Kh8!? {Chekhov} ) 15. g3 ( 15. Nce3 {
Chekhov} 15. ... b4!? ) ( 15. h5 {Chekhov} 15. ... Bg5 ) 15. ... Bg7 ( {As
A.Shirov points out, in case of } 15. ... h5!? { White also has time to 
"catch hold" of the opponent's K-side } 16. Bh3 Be6 ( 16. ... Bxh3 17. 
Rxh3 Bg7 18. g4! += ) 17. Nce3 Bg7 18. g4! Qxh4 19. gxh5 Bxd5 ( 19. ... 
Qxe4?! 20. Bg2 Qa4 21. b3 +- ) ( 19. ... Bxh3 20. Qf3 ) 20. Bg2 Qg5 21. 
Qxd5 Ne7 22. Qd1 â†’ ) 16. h5!? { Exploiting the drawbacks of the g7-g6 
advance and utilizing the delay of his own castling, White creates a 
vulnerable space on the opponent's K-side } 16. ... Ne7 ( 16. ... Be6 {
Horvath,T} 17. hxg6 hxg6 18. Nce3 b4 19. cxb4 axb4 20. a4 Nd4 21. Bc4 += )
( 16. ... Qg5 {Ftacnik} 17. Bh3 Be6 18. hxg6 hxg6 19. Nce3 Rb7 20. Qd3 
Rfb8 21. Rd1 Bf8 22. Qf1 f5 = {Borm, F-King,D/Amsterdam/1982/} ) 17. hxg6 
hxg6 ( 17. ... fxg6 18. Bh3 +/- ( 18. Nce3 {Chekhov} 18. ... Kh8 19. Bh3 
Bb7 ) ) 18. Nce3 Nxd5 19. Nxd5 Be6 20. Bh3 Bxd5? { This exchange deprives 
Black of counterplay } ( {(In the continuation} 20. ... Qd7 {black chances
are better } 21. Bxe6 fxe6 22. Ne3 Qf7 ( 22. ... Rbd8 {Chekhov} 23. Qg4 
Qf7 ) 23. Qe2 d5 24. Rd1 += dxe4 â–³ 25. Rh4! +/- ) ( 20. ... Qg5!? {
Ftacnik} ) ( 20. ... f5 {Chekhov} 21. exf5 gxf5 22. Bg2 {/\Qh5|^/} ) 21. 
Qxd5 Qc7 ( 21. ... Qb6!? ) 22. O-O +/- {As a result White has obvious 
positional advantage due to considerable difference in the activity of the
bishops that are left on the boar, and to the opponent's vulnerable points
on the d-file } 22. ... Rfd8 23. Rfd1 Bh6 {A typical point. Black bishop 
has absolutely nothing to do on the free h6-c1diagonal } ( 23. ... Kf8 +/-
) ( 23. ... Qc5 {Ftacnik} 24. Bf1! {xb5} ) ( 23. ... Bf8 {Chekhov} 24. Bf1
Qb6 ) 24. Bf1 Qb7? ( {Even if queens are left on the board, White's 
advantage is beyond any doubt: } 24. ... Qd7 25. b4! axb4 26. axb4 +/- ) (
24. ... Qb6 25. Qb3 a4 26. Qc2 {/\ Rd5+/-} ) ( 24. ... Qc5 25. Rd3 +/- { 
Ra1-d1,b2-b4} ) 25. Qxb7 Rxb7 26. Rd5 b4 ( 26. ... Rdb8 {Ftacnik} 27. Rxd6
+/- ) ( {An active} 26. ... f5 {does not ease Black's lot as well } 27. 
exf5 gxf5 28. Bxb5 Kf7 29. a4! Ke6 30. Bc4 +- {b3} ) 27. cxb4 axb4 28. a4!
+- { Creating a passed pawn on the a-file decides the outcome of the 
battle } 28. ... Kf8 29. a5 Bg5?! ( 29. ... Ke7 {Chekhov} 30. a6 Ra7 31. 
Rb5 Bd2 32. Rd1 +- ) 30. a6 Rb6 ( 30. ... Ra7 {Ftacnik} 31. Ra4 b3 32. Rb4
+- ) 31. Rb5 1-0

[Event "Chelyabinsk variation - 3"]
[Site "France"]
[Date "1994.??.??"]
[Round "3"]
[White "Bologan, Viktor"]
[Black "Redon, Bruno"]
[Result "1-0"]
[WhiteElo "2585"]
[BlackElo "2235"]
[EventDate "1994.??.??"]

1. e4 c5 2. Nf3 Nc6 3. d4 cxd4 4. Nxd4 Nf6 5. Nc3 e5 6. Ndb5 d6 7. Bg5 a6 
8. Na3 b5 9. Nd5 Be7 10. Bxf6 Bxf6 11. c3 O-O 12. Nc2 Rb8 13. a3!? {The 
idea belongs to Latvian GM Zigurds Lanka. Creating a potential threat of a
lunge Â¤c2-b4 (in this case the exchange Â¤c6:b4, a3:b4 will render black 
position on the Q-side dramatically worse) White provokes the a6-a5 
advance that makes the b5-pawn vulnerable } 13. ... a5 14. Bd3 Be6 15. Qe2
{White immediately takes sight at the b5-square } 15. ... Bxd5 16. exd5 
Ne7 17. O-O-O! {An original game plan. In a position with opposite 
castling White has a clear plan of developing the initiative on the K-side
that is associated with advancing the h2- and g2-pawns. At the same time 
black counterplay on the opposite flank appears equally real } 17. ... Qb6
( { In favor of White is} 17. ... Nxd5 18. Bxh7+ ( 18. Qe4 Bg5+ 19. Kb1 
Nf6 ) 18. ... Kxh7 19. Rxd5 +/- ) ( {(but it is worth attention } 17. ... 
Bg5+!? 18. Kb1 Qd7 19. h4 Bh6 20. g4 Bf4 21. Qe4 g6 22. g5 h5 23. gxh6 f5 
24. Qg2 Kh7 {Sharapov Evgeny 2433 - Pavlov Sergey 2368 , Alushta 8. 4.2005
Ch Ukraine (team)} ) 18. Kb1 g6 ( {(In case of } 18. ... Qc5!? {the 
rejoinder } 19. Qf3! { h4, g4+=â€š paralizes the g7-g6 advance} ( 19. Be4 
g6 20. g4 Bh4! ) ) 19. h4! ( 19. Be4 Bg7 20. g4 f5 21. gxf5 gxf5 22. Bg2 
Ng6 {b4} ) 19. ... Bg7 ( {(Black could have won a pawn by way of} 19. ... 
Nxd5!? 20. Qf3 ( 20. Bxg6? Nf4 ) 20. ... Nf4 ( 20. ... b4 21. cxb4 axb4 
22. Qxd5 bxa3 23. b4! ) 21. g3 Nxd3 22. Rxd3 Bg7 23. Rhd1 Rfd8 24. g4! += 
{but white control over light squares gives White an obvious positional 
compensation} ) 20. h5 f5 ( 20. ... Nxd5 21. hxg6 hxg6 22. Bxg6 Nxc3+ ( 
22. ... Nf4 23. Bh7+ ) 23. bxc3 fxg6 24. Qd3 +/- ) 21. hxg6 hxg6 ( {In 
case of} 21. ... e4 22. Rxh7! {White has a strong attack, for instance } 
22. ... Nxg6 23. Qh5 exd3 24. Qxg6 dxc2+ 25. Kxc2 Qxf2+ 26. Kb1 Rf7 27. 
Rdh1 Kf8 28. Rh8+ Bxh8 29. Rxh8+ Ke7 30. Qe6# ) 22. g4! +/- e4 23. gxf5 
exd3 ( 23. ... gxf5 24. Rdg1! exd3 25. Qe6+ Rf7 26. Rxg7+ Kxg7 27. Qh6+ 
Kg8 28. Qh8# ) 24. Qe6+ Rf7 25. Rxd3 {Rook joining in along the 3rd rank 
increases white offensive potential considerably} ( 25. Nd4 b4 26. Nc6 
bxc3 27. Nxe7+ Kf8 28. Nxg6+ Kg8 29. Ne7+ = ) 25. ... Kf8 ( 25. ... Nxf5 
26. Qxg6 Rf6 27. Qh7+ Kf7 28. Qh5+ Ke7 29. Nd4! ) 26. Rdh3! ( 26. fxg6 Rf6
) 26. ... gxf5 27. Nd4! +- b4 ( 27. ... Rf6 28. Rh8+ Bxh8 29. Rxh8+ Kg7 
30. Qxe7+ Rf7 31. Rh7+ Kxh7 32. Qxf7+ Kh8 33. Qf6+ +- ) 28. Nc6 bxc3 ( 
28. ... Nxc6 29. Rh8+ Bxh8 30. Rxh8+ Kg7 31. Qh6# ) 29. Rh8+ Bxh8 30. 
Rxh8+ Ng8 31. Qh6+! Rg7 32. Qxd6+ Kf7 33. Qe6+ Kf8 34. Rxg8+! 1-0